SHIVA (SRI SRI MAHASIVA RATRI ARU INTERNATIONAL SHIVA MAHUTSAV, 2018) (Record no. 26656)
[ view plain ]
| 000 -LEADER | |
|---|---|
| fixed length control field | 00690cam a2200193ua 4500 |
| 001 - CONTROL NUMBER | |
| control field | 23408 |
| 008 - FIXED-LENGTH DATA ELEMENTS--GENERAL INFORMATION | |
| fixed length control field | 180522n II |||gr||||Z||||||asm |
| 041 ## - LANGUAGE CODE | |
| Language code of text/sound track or separate title | asm |
| 082 ## - DEWEY DECIMAL CLASSIFICATION NUMBER | |
| Classification number | 294.5 |
| 100 ## - MAIN ENTRY--PERSONAL NAME | |
| Personal name | HAZARIKA,SARAT, (ed), |
| Relator term | EDITOR., |
| 245 ## - TITLE STATEMENT | |
| Title | SHIVA (SRI SRI MAHASIVA RATRI ARU INTERNATIONAL SHIVA MAHUTSAV, 2018) |
| Medium | Textual Documents |
| 260 ## - PUBLICATION, DISTRIBUTION, ETC. | |
| Place of publication, distribution, etc. | SIBSAGAR: |
| Name of publisher, distributor, etc. | TEMPLE DEVELOPMENT BOARD, |
| Date of publication, distribution, etc. | 2018. |
| 300 ## - PHYSICAL DESCRIPTION | |
| Extent | 244: |
| Dimensions | 20CM. |
| 500 ## - GENERAL NOTE | |
| General note | GIFT BY SIMANTA BARUAH, DOL COMMITTEE,10.05.2018 |
| 653 ## - INDEX TERM--UNCONTROLLED | |
| Uncontrolled term | HINDUISM |
No items available.